banner-ar

THE FORGOTTEN QUEENS OF ISLAM / (Record no. 12329)

MARC details
000 -الفاتح
حقل البيانات ثابتة الطول 00524nam a2200205Ia 4500
008 - عناصر البيانات ثابتة الطول - معلومات عامة
حقل البيانات ثابتة الطول 140319s9999 xx 000 0 eng d
040 ## - مصدر الفهرسة
وكالة الفهرسة الأصلية GCL /
وكالة النسخ GCL
082 04 - رقم تصنيف ديوى العشرى
رقم التصنيف 920.72
رقم المادة M F
100 1# - المدخل الرئيسى - إسم شخصى
الإسم الشخصى MERNISSI, FATIMA
245 10 - بيان العنوان
العنوان THE FORGOTTEN QUEENS OF ISLAM /
بيان المسئوليه,etc MERNISSI, FATIMA
700 1# - المدخل الاضافى - اسم شخصى
الإسم الشخصى LAKELAND, MARY
260 ## - PUBLICATION, DISTRIBUTION, ETC. (IMPRINT)
تاريخ النشر أو التوزيع 1994
300 ## - الوصف المادى
التعداد 229 P P
650 04 - المدخل الاضافى بالموضوع-مصطلح موضوعى
مصطلح موضوعي QUEENS OF ISLAM
650 04 - المدخل الاضافى بالموضوع-مصطلح موضوعى
مصطلح موضوعي ISLAM - HISTORY
650 04 - المدخل الاضافى بالموضوع-مصطلح موضوعى
مصطلح موضوعي WOMEN
650 04 - المدخل الاضافى بالموضوع-مصطلح موضوعى
مصطلح موضوعي ISLAM - WOMEN
942 ## - عناصر المدخل الإضافي( كوها)
مصدر التصنيف او مخطط الترفيف Dewey Decimal Classification
Koha [default] item type كتاب
260 ## - PUBLICATION, DISTRIBUTION, ETC. (IMPRINT)
-- [S.N] :
-- POLITY PRESS ،
Holdings
حالة التراجع حالة الفقد حالة تلف ليس للاعارة المكان المؤقت الموقع الحالى تاريخ الاكتساب اجمالي اﻻعارات رقم الطلب الباركود تاريخ اخر مشاهدة تاريخ تفعيل السعر نوع وعاء كوها
        مكتبة القاهرة الكبرى مكتبة القاهرة الكبرى 03/26/2014   920.72\M F 24029 03/26/2014 03/26/2014 كتاب
        مكتبة القاهرة الكبرى مكتبة القاهرة الكبرى 03/26/2014   920.72\M F 24030 03/26/2014 03/26/2014 كتاب

Powered By

EGPV